| 000 | 00486nam a22001697a 4500 | ||
|---|---|---|---|
| 003 | NUST - PNEC | ||
| 005 | 20170116180957.0 | ||
| 008 | 150912b xxu||||| |||| 00| 0 eng d | ||
| 020 | _a0824777050 | ||
| 040 | _cLIBRARY | ||
| 082 | _a621.3810287 POW | ||
| 100 |
_99329 _a Powell, Richard F. |
||
| 245 |
_aTesting active and passive electronic components _cRichard F. Powell |
||
| 260 | _cc.1987 | ||
| 650 |
_99331 _aElectronic apparatus and appliances--Testing _xEL |
||
| 942 |
_2ddc _cBK |
||
| 999 |
_c66587 _d66587 |
||